000 00274nam a22001217a 4500
008 180205b xxu||||| |||| 00| 0 eng d
041 _aeng
080 _a941
100 _a16
101 _aHIS
245 _aEconomic History of the United States
_cShannon
942 _2udc
_cBK
999 _c41781
_d41781